[Event "Brno op 2nd"]
[Site "Brno"]
[Date "2011.11.13"]
[Round "2"]
[White "Corfiati, Paolo"]
[Black "Van Vliet, Dennis"]
[Result "0-1"]
[WhiteElo "1746"]
[BlackElo "2103"]
[PlyCount "24"]
[EventDate "2011.11.12"]
[EventType "swiss"]
[EventRounds "9"]
[EventCountry "CZE"]
[SourceTitle "EXT 2012"]
[Source "ChessBase"]
[SourceDate "2011.11.24"]
[SourceVersion "1"]
[SourceVersionDate "2011.11.24"]
[SourceQuality "1"]

1. d4 d5 2. c4 e6 3. Nc3 c5 4. cxd5 exd5 5. g3 Nc6 6. Nf3 Nf6 7. Bg2 Be7 8. 0-0 0-0 9. e3 Bg4 10. dxc5 Bxc5 11. Qb3 Qd7 12. Rd1 Rad8 0-1

[Event "Brno op 2nd"]
[Site "Brno"]
[Date "2011.11.12"]
[Round "1"]
[White "Bradac, Roman"]
[Black "Corfiati, Paolo"]
[Result "0-1"]
[WhiteElo "2032"]
[BlackElo "1746"]
[PlyCount "60"]
[EventDate "2011.11.12"]
[EventType "swiss"]
[EventRounds "9"]
[EventCountry "CZE"]
[SourceTitle "EXT 2012"]
[Source "ChessBase"]
[SourceDate "2011.11.24"]
[SourceVersion "1"]
[SourceVersionDate "2011.11.24"]
[SourceQuality "1"]

1. c4 e6 2. Nf3 Nf6 3. g3 b6 4. Bg2 Bb7 5. 0-0 Be7 6. d3 0-0 7. e4 d6 8. Nc3 Nbd7 9. Rb1 c5 10. a3 Ng4 11. Ne1 f5 12. exf5 Bxg2 13. Nxg2 exf5 14. Nf4 Rf6 15. Nfd5 Re6 16. Nb5 Bg5 17. h3 Bxc1 18. Rxc1 Nge5 19. Nbc7 Rh6 20. Nxa8 Qxa8 21. f4 Nc6 22. Qf3 Qd8 23. Rce1 Rxh3 24. Kg2 Rh6 25. Ne3 Nd4 26. Qd5+ Kh8 27. Nxf5 Nf6 28. Qxd6 Qa8+ 29. Re4 Nxf5 30. Qe5 Ne3+ 0-1

[Event "Crema op 13th"]
[Site "Crema"]
[Date "2011.09.04"]
[Round "5"]
[White "Corfiati, Paolo"]
[Black "Tagliaferri, Valerio"]
[Result "0-1"]
[WhiteElo "1732"]
[BlackElo "1850"]
[PlyCount "91"]
[EventDate "2011.09.02"]
[EventType "swiss"]
[EventRounds "6"]
[EventCountry "ITA"]
[SourceTitle "EXT 2022"]
[Source "ChessBase"]
[SourceDate "2021.10.06"]
[SourceVersion "1"]
[SourceVersionDate "2021.10.06"]
[SourceQuality "1"]

1. d4 Nf6 2. Nf3 e6 3. c4 c5 4. d5 exd5 5. cxd5 d6 6. e4 g6 7. Nc3 Bg7 8. Bd3 0-0 9. h3 Na6 10. Bf4 Nc7 11. 0-0 b5 12. Re1 b4 13. Nb5 Nxb5 14. Bxb5 Nh5 15. Bh2 Bxb2 16. Rb1 Bc3 17. Re3 a5 18. e5 dxe5 19. Bxe5 Bxe5 20. Rxe5 Qd6 21. Qd2 f6 22. Ree1 Bb7 23. Rbd1 Rfd8 24. Re4 Ng7 25. Ne1 Qb6 26. Bc4 Rd6 27. Nc2 a4 28. Re7 Nf5 29. Re6 Bc8 30. Re8+ Kf7 31. Rde1 Bb7 32. Qe2 Qc7 33. g4 Rxe8 34. Qxe8+ Kg7 35. gxf5 Rd7 36. fxg6 hxg6 37. d6 Qxd6 38. Qg8+ Kh6 39. Qh8+ Rh7 40. Qe8 Qf4 41. Re3 Qxc4 42. Qf8+ Kh5 43. Qxf6 g5 44. Rg3 Qf4 45. Qe6 Qe4 46. Ne3 0-1